Children of the great depression : social change in life experience /

Bibliographic Details
Main Author: Elder, Glen H., Jr (Author)
Corporate Author: ProQuest (Firm)
Format: eBook
Language:English
Published: Boulder, Colo. : Westview Press, 1999.
Edition:25th anniversary ed.
Subjects:
Online Access:Connect to the full text of this electronic book

MARC

Tag First Indicator Second Indicator Subfields
LEADER 00000cam a22000001a 4500
001 in00004404313
006 m |o d |
007 cr |n|||||||||
008 210421r19991974coua ob 001 0 eng d
005 20250816222617.6
020 |a 9780429970283 (electronic bk.) 
020 |a 0429970285 (electronic bk.) 
020 |z 9780813333427 
020 |z 0813333423 
024 8 |a 99987233615 
035 |a (NhCcYBP)ebc5433127 
040 |a NhCcYBP  |c NhCcYBP  |d UtOrBLW 
043 |a n-us---  |a n-us-ca 
050 4 |a HN80.O18  |b E43 1999 
082 0 4 |a 303.44/09794/6  |2 21 
100 1 |a Elder, Glen H.,  |c Jr.,  |e author.  |0 http://id.loc.gov/authorities/names/n80019573 
245 1 0 |a Children of the great depression :  |b social change in life experience /  |c Glen H. Elder, Jr. 
250 |a 25th anniversary ed. 
264 1 |a Boulder, Colo. :  |b Westview Press,  |c 1999. 
300 |a 1 online resource. 
336 |a text  |b txt  |2 rdacontent 
337 |a computer  |b c  |2 rdamedia 
338 |a online resource  |b cr  |2 rdacarrier 
500 |a Reprint. Originally pub.: Chicago : University of Chicago Press, 1974. 
504 |a Includes bibliographical references (pages 421-432) and index. 
588 |a Description based on print version record. 
500 |a Electronic resource. 
650 0 |a Depressions  |y 1929  |z United States.  |0 http://id.loc.gov/authorities/subjects/sh85037059 
650 0 |a Families  |z California  |z Oakland  |v Longitudinal studies. 
650 0 |a Students  |z California  |z Oakland  |x Social conditions  |v Longitudinal studies. 
655 7 |a Electronic books.  |2 local 
710 2 |a ProQuest (Firm)  |0 http://id.loc.gov/authorities/names/n2007068018 
776 1 8 |c Original  |z 9780813333427  |z 0813333423  |w (DLC) 98027535  
787 0 8 |i Reprint of:  |a Elder, Glen H.  |t Children of the Great Depression.  |d Chicago : University of Chicago Press, ©1974  |z 0226202623  |w (DLC) 73087301  |w (OCoLC)1025281 
856 4 0 |u https://ebookcentral.proquest.com/lib/tamucs/detail.action?docID=5433127  |z Connect to the full text of this electronic book  |t 0 
945 |b 859317 
955 |a YBP purchased firm e-records 
980 |b 262.50  |g 1 
987 |a ybp15568167 
999 f f |s 05c35029-bd2d-3968-b36d-70483131e40c  |i 04a78302-a0fe-3e2b-ae69-3d77ec9e5652  |t 0 
952 f f |a Texas A&M University  |b College Station  |c Electronic Resources  |d Available Online  |t 0  |e HN80.O18 E43 1999  |h Library of Congress classification 
998 f f |a HN80.O18 E43 1999  |t 0  |l Available Online